000 00445nam a2200169Ia 4500
005 20250923144838.0
008 008 250917s9999 xx 000 0 eng d
037 _aTextual
040 _aDSWL
_beng
_cDSWL
041 _aeng
_2eng
084 _aX:28, J8
_qDSWL
245 0 _aSpeaking of productivity
260 _aIndia
_bNationalProductivity council I
300 _a27p.
942 _cTEXL
_hX:28, J8
999 _c1444075
_d1444075